[Event "Deggendorf op 2nd"]
[Site "Deggendorf"]
[Date "2008.05.16"]
[Round "1"]
[White "Pokrupa, Marek"]
[Black "Schirra, Frank"]
[Result "1-0"]
[WhiteElo "2195"]
[BlackElo "1571"]
[PlyCount "49"]
[EventDate "2008.05.16"]
[EventType "swiss"]
[EventRounds "5"]
[EventCountry "GER"]
[SourceTitle "CBM 124 Extra"]
[Source "ChessBase"]
[SourceDate "2008.07.03"]
[SourceVersion "1"]
[SourceVersionDate "2008.07.03"]
[SourceQuality "1"]

1. e4 c6 2. d4 d5 3. e5 Bf5 4. Nf3 Nd7 5. Nh4 Bg6 6. e6 Ndf6 7. Nxg6 fxg6 8. Bd3 Qd6 9. Qe2 Nh5 10. g3 Ngf6 11. Nd2 0-0-0 12. Nf3 Ne4 13. Bxe4 dxe4 14. Qxe4 c5 15. 0-0 cxd4 16. Rd1 Nf6 17. Qxd4 Qxd4 18. Rxd4 Rxd4 19. Nxd4 h6 20. h4 g5 21. hxg5 hxg5 22. Bxg5 Ne4 23. Be3 g5 24. Rd1 Bg7 25. Nf5 1-0

[Event "Nuremberg Zabo op 06th"]
[Site "Nuremberg"]
[Date "2004.09.26"]
[Round "4"]
[White "Schirra, Frank"]
[Black "Ziegler, Peter"]
[Result "1-0"]
[WhiteElo "1642"]
[BlackElo "1788"]
[PlyCount "81"]
[EventDate "2004.09.24"]
[EventType "swiss"]
[EventRounds "5"]
[EventCountry "GER"]
[SourceTitle "EXT 2012"]
[Source "ChessBase"]
[SourceDate "2011.11.24"]
[SourceVersion "1"]
[SourceVersionDate "2011.11.24"]
[SourceQuality "1"]

1. c4 Nf6 2. Nc3 g6 3. g3 Bg7 4. Bg2 0-0 5. Nf3 c6 6. 0-0 d6 7. d4 Nbd7 8. e4 e5 9. Re1 Rb8 10. d5 Nb6 11. Qe2 Ne8 12. Rd1 Qe7 13. Bg5 f6 14. Be3 f5 15. c5 dxc5 16. d6 Nxd6 17. Bxc5 Rd8 18. Qd3 Bf8 19. a4 Qf6 20. a5 Nf7 21. Qe3 Rxd1+ 22. Nxd1 Nc4 23. Qe2 Bxc5 24. Qxc4 b6 25. b4 Bf8 26. Ne3 Qe6 27. exf5 gxf5 28. Qc3 Bg7 29. Rc1 Bb7 30. axb6 axb6 31. Nc4 e4 32. Nd4 Qd7 33. Rd1 b5 34. Na5 Qe8 35. Nxb7 Rxb7 36. Qxc6 Rd7 37. Bf1 Qe7 38. Nxf5 Qe8 39. Qxd7 Qa8 40. Nxg7 Kxg7 41. Qxb5 1-0

[Event "Nuremberg Zabo op 06th"]
[Site "Nuremberg"]
[Date "2004.09.25"]
[Round "3"]
[White "Hummel, Thomas1"]
[Black "Schirra, Frank"]
[Result "1/2-1/2"]
[WhiteElo "1720"]
[BlackElo "1642"]
[PlyCount "140"]
[EventDate "2004.09.24"]
[EventType "swiss"]
[EventRounds "5"]
[EventCountry "GER"]
[SourceTitle "EXT 2012"]
[Source "ChessBase"]
[SourceDate "2011.11.24"]
[SourceVersion "1"]
[SourceVersionDate "2011.11.24"]
[SourceQuality "1"]

1. g3 Nf6 2. Nf3 g6 3. Bg2 Bg7 4. d3 0-0 5. e4 d6 6. c4 c5 7. Nc3 Nc6 8. Ne2 a6 9. a4 Bd7 10. 0-0 Qc8 11. Nh4 Bg4 12. f3 Bh3 13. Be3 Rb8 14. Nc3 Bxg2 15. Nxg2 Nd7 16. f4 Nf6 17. f5 Ne5 18. Qd2 Neg4 19. Bf4 Nh5 20. Ne2 Nxf4 21. Qxf4 Ne5 22. Qd2 b5 23. cxb5 axb5 24. axb5 Rxb5 25. Nc3 Rb3 26. h3 gxf5 27. exf5 Qb7 28. Nh4 Rxb2 29. Qg5 h6 30. Qe3 Ng6 31. f6 Nxh4 32. Ne4 Bxf6 33. Rxf6 Rb1+ 34. Rxb1 Qxb1+ 35. Rf1 Nf5 36. Qf3 Qb2 37. Qxf5 Kh8 38. Qh5 Qd4+ 39. Nf2 Qe3 40. Kg2 Kh7 41. h4 f5 42. Qf3 Qe5 43. Nh3 Qf6 44. Nf4 Rg8 45. Kh3 e6 46. Rb1 e5 47. Rb7+ Kh8 48. Nd5 Qe6 49. Re7 Qg6 50. h5 Qg5 51. Rf7 f4 52. g4 Qd8 53. Nf6 Rg7 54. Rxg7 Kxg7 55. Nd5 Qd7 56. Qe4 Qe6 57. Nxf4 Qf6 58. Qg6+ Qxg6 59. Nxg6 Kf6 60. Nh4 d5 61. Kg3 c4 62. dxc4 dxc4 63. Kf3 c3 64. Ke3 Kg5 65. Nf3+ Kxg4 66. Nxe5+ Kxh5 67. Kd3 Kg5 68. Kxc3 h5 69. Kd3 Kf4 70. Ke2 Kxe5 1/2-1/2

[Event "Nuremberg Zabo op 06th"]
[Site "Nuremberg"]
[Date "2004.09.24"]
[Round "1"]
[White "Lange, Carsten"]
[Black "Schirra, Frank"]
[Result "1-0"]
[WhiteElo "1993"]
[BlackElo "1642"]
[PlyCount "47"]
[EventDate "2004.09.24"]
[EventType "swiss"]
[EventRounds "5"]
[EventCountry "GER"]
[SourceTitle "EXT 2012"]
[Source "ChessBase"]
[SourceDate "2011.11.24"]
[SourceVersion "1"]
[SourceVersionDate "2011.11.24"]
[SourceQuality "1"]

1. Nf3 Nf6 2. c4 g6 3. b4 Bg7 4. Bb2 0-0 5. g3 b6 6. Bg2 Bb7 7. 0-0 d5 8. cxd5 Bxd5 9. Nc3 Bb7 10. Qb3 Nbd7 11. d4 e6 12. Rfe1 Nd5 13. Rad1 N7f6 14. Ne5 Nxc3 15. Bxc3 Bxg2 16. Kxg2 Qd5+ 17. f3 Qxb3 18. axb3 Nd5 19. Rd3 Bxe5 20. dxe5 Rfd8 21. Kf2 Kf8 22. Red1 Ke7 23. Bd2 a5 24. Bg5+ 1-0